Basics design 02 : (Record no. 353782)
[ view plain ]
| 000 -LEADER | |
|---|---|
| fixed length control field | 01251nam a2200265 a 4500 |
| 001 - CONTROL NUMBER | |
| control field | ASIN2940373345 |
| 003 - CONTROL NUMBER IDENTIFIER | |
| control field | OSt |
| 005 - DATE AND TIME OF LATEST TRANSACTION | |
| control field | 20180116192417.0 |
| 008 - FIXED-LENGTH DATA ELEMENTS--GENERAL INFORMATION | |
| fixed length control field | 130804s2005 xxu eng d |
| 020 ## - INTERNATIONAL STANDARD BOOK NUMBER | |
| International Standard Book Number | 2940373345 (paperback) |
| Terms of availability | $32.95 |
| 020 ## - INTERNATIONAL STANDARD BOOK NUMBER | |
| International Standard Book Number | 9782940373345 (paperback) |
| 040 ## - CATALOGING SOURCE | |
| Transcribing agency | 00 |
| 082 ## - DEWEY DECIMAL CLASSIFICATION NUMBER | |
| Classification number | 686.2252 |
| 100 1# - MAIN ENTRY--PERSONAL NAME | |
| Personal name | Ambrose, Gavin. |
| 9 (RLIN) | 6893 |
| 245 10 - TITLE STATEMENT | |
| Title | Basics design 02 : |
| Remainder of title | layout / |
| Statement of responsibility, etc. | Gavin Ambrose, Paul Harris. |
| 250 ## - EDITION STATEMENT | |
| Edition statement | 1st ed. |
| 260 ## - PUBLICATION, DISTRIBUTION, ETC. | |
| Place of publication, distribution, etc. | New York: |
| Name of publisher, distributor, etc. | AVA Publishing, |
| Date of publication, distribution, etc. | 2005. |
| 300 ## - PHYSICAL DESCRIPTION | |
| Extent | 176 p. ; |
| Dimensions | 23 cm. |
| 520 ## - SUMMARY, ETC. | |
| Summary, etc. | Addresses the practical and aesthetic considerations of layout such as where and how the content will be viewed, whether the format is a magazine, website, television graphic or bottle of bubble bath. This book will prove indispensable to anyone wishing to acquire a thorough knowledge of the principles of layout as used in modern design. Through the considered application of these principles a more balanced and effective design can be achieved. |
| 650 ## - SUBJECT ADDED ENTRY--TOPICAL TERM | |
| Topical term or geographic name entry element | Elements |
| 9 (RLIN) | 6894 |
| 700 1# - ADDED ENTRY--PERSONAL NAME | |
| Personal name | Harris, Paul. |
| 9 (RLIN) | 6895 |
| 856 40 - ELECTRONIC LOCATION AND ACCESS | |
| Materials specified | Amazon.com |
| Uniform Resource Identifier | <a href="http://www.amazon.com/exec/obidos/ASIN/2940373345/chopaconline-20">http://www.amazon.com/exec/obidos/ASIN/2940373345/chopaconline-20</a> |
| 942 ## - ADDED ENTRY ELEMENTS (KOHA) | |
| Source of classification or shelving scheme | |
| Koha item type | Book |
| Withdrawn status | Lost status | Source of classification or shelving scheme | Damaged status | Not for loan | Permanent Location | Current Location | Date acquired | Total Checkouts | Full call number | Barcode | Date last seen | Date last checked out | Cost, replacement price | Price effective from | Koha item type |
|---|---|---|---|---|---|---|---|---|---|---|---|---|---|---|---|
| School of Art Design and Architecture (SADA) | School of Art Design and Architecture (SADA) | 06/20/2013 | 3 | 686.2252 AMB 2005 | SADA0002068 | 05/23/2016 | 05/20/2016 | 2072.74 | 08/05/2013 | Book |
